00857nam a2200193 i 4500001000700000003000900007005001700016007000300033008004100036080004900077245009900126260007500225300002200300490011300322600007700435700003500512830009500547852002100642143088ES-MaACL20250824073945.0t|070214s1920 sp r ||||1| spa d a821.134.2 Cervantes Saavedra, Miguel de 1.0700aSemana cervantina b: resúmenes y artículos / cprólogo de José de la Torre Rebullida. aCastellón : b[s.n.], c1920 (fEstab. Tip. de Hijos de J. Armengot) a226 p. ; c19 cm.1 aPublicaciones de la biblioteca escolar del Instituto General y Técnico de Castellón. Serie primera ; v114aCervantes Saavedra, Miguel de,d1547-1616-xCrítica e interpretación1 aTorre Rebullida, José de la.00aPublicaciones de la Biblioteca Escolar del Instituto General y Técnico de Castellónv1 aES-MaACLjF-5119